Quiz sur Liège - Statistiques

Statistiques générales
  • Ce quiz a été pris 76 fois
  • Le résultat moyen est 5 sur 15
Statistiques - réponses
Question Réponse % Correct
Combien y a-t-il de collégiales à Liège ? 7
63%
Quelle est la date d'inauguration et la hauteur de la gare des Guillemins ? 2009 et 40 mètres
55%
Où peut-on observer le Buste reliquaire de Saint-Lambert ? Trésor de la Cathédrale Saint-Paul
53%
Quelle est la date de l'assassinat de Saint-Lambert ? 705
45%
Quelle est la superficie de la commune de Liège ? 69 km²
42%
Quand a eu lieu l'exposition universelle ? 1905
37%
La Montagne de Bueren se compose de combien de marches ? 374
37%
Qui fut le premier évêque de la principauté de Liège ? Notger
37%
Le Palais Curtius fut achevé au début du... XVII ème siècle
34%
Quelle est la hauteur de la Tour de la Cité administrative ? 67 mètres
32%
Liège est la capitale ... de la Wallonie. Économique
32%
De quand date le Passage Lemonnier ? 1839
24%
En quelle année, Liège fût-elle détruite par Charles le Téméraire ? 1468
18%
Quelle est la hauteur de la Tour Paradis avec son antenne ? 136 mètres
13%
Depuis combien de temps y a-t-il une activité humaine sans discontinuité sur la place Saint-Lambert ? 9000 ans
8%
Aucun quiz correspondant
Distribution des résultats
% des personnes avec chaque résultat
Percentile par nombre de réponses
Votre historique - résultats
Vous n’avez pas pris ce quiz